Mechanical engineering science for National certificate, Vol - II (Record no. 4929)

000 -LEADER
fixed length control field 00456nam a22001577a 4500
008 - FIXED-LENGTH DATA ELEMENTS--GENERAL INFORMATION
fixed length control field 200910b ||||| |||| 00| 0 eng d
082 00 - DEWEY DECIMAL CLASSIFICATION NUMBER
Classification number 620.1
Item number W1772
100 ## - MAIN ENTRY--PERSONAL NAME
9 (RLIN) 763
Personal name Walker, J. D.
245 10 - TITLE STATEMENT
Title Mechanical engineering science for National certificate, Vol - II
250 ## - EDITION STATEMENT
Edition statement 9th ed.
260 ## - PUBLICATION, DISTRIBUTION, ETC. (IMPRINT)
Place of publication, distribution, etc London
Name of publisher, distributor, etc English Universities Press
Date of publication, distribution, etc 1951
300 ## - PHYSICAL DESCRIPTION
Extent xi,195 p.
365 ## - TRADE PRICE
Unit of pricing 8.40
650 #0 - SUBJECT ADDED ENTRY--TOPICAL TERM
Topical term or geographic name as entry element Mechanical Engineering
942 ## - ADDED ENTRY ELEMENTS (KOHA)
Item type Books
Holdings
Withdrawn status Lost status Source of classification or shelving scheme Damaged status Not for loan Permanent location Current location Date acquired Source of acquisition Full call number Barcode Date last seen Koha item type
          IMU Kolkata IMU Kolkata 1965-02-18 W. D. Willis 620.1 W1772 03010 2020-09-10 Books
Designed and Maintained by IMU-KC Library, Kolkata Campus © Copyright All Rights Reserved

webs counters

Powered by Koha